000 02004nam a22004697a 4500
001 768714001
003 CO-MdFUSB
005 20230314120707.0
008 230310t1998 -us||||g |||| 00| 0 eng d
020 _a1579101186
040 _aCO-MdFUSB
_bspa
_cCO-MdFUSB
_dCO-MdFUSBC
_erda
041 _aeng
082 _223
_a220.13
_bAU939
245 1 4 _aThe authoritative word
_b: essays on the nature of Scripture
_c/ editado por Donald K. McKim
264 1 _aEugene, Oregon :
_bWipf and Stock Publishers,
_c1998
264 4 _c©1998
300 _a270 páginas
_c; 21 cm
336 _2rdacontent
_atexto
_btxt
337 _2rdamedia
_asin mediación
_bn
338 _2rdacarrier
_avolumen
_bnc
504 _aIncluye bibliografía
505 _t1. Cómo se formaron las Escrituras
_r/ Paul J. Achtemeier
505 _t2. Jesús y el Antiguo Testamento
_r/ Robert M. Grant
505 _t3. Pablo y el Antiguo Testamento
_r/ Robert M. Grant
505 _t4. La interpretación del Antiguo Testamento en el Nuevo
_r/ C.K. Barrett
505 _t5. La tradición y el canon de las Escrituras
_r/ F.F. Bruce
505 _t6. El concepto bíblico de revelación
_r/ Dewey M. Beegle
505 _t7. La Biblia
_r/ Donald G. Miller
505 _t8. La primacía de las Escrituras
_r/ Donald G. Bloesch
505 _t9. El testimonio del Espíritu
_r/ G. C. Berkouwer
505 _t10. La inspiración y la autoridad de la Santa Escritura
_r/ H. N. Ridderbos
505 _t11. La doctrina de la iglesia de la Autoridad Bíblica
_r/ Jack B. Rogers
505 _t12. El significado teológico de la crítica historial
_r/ James D. Smart
505 _t13. Escritura: protestante y católica vistas recientes
_r/ Avery Dulles
563 _aRústico
650 0 _9360
_aBiblia
_bEvidencias, autoridad, etc.
650 0 _916
_aBiblia
700 _97963
_aMcKim, Donald K.
_eeditor
942 _cBK
945 _aAF
999 _c68559
_d68559